000 00365nam a2200133 i 4500
001 bg
100 1 _aMITKOWSKI, Eugeniusz
245 0 _aPrzyelektrodowe straty napięcia w kanale i wprowadzenie energii do sieci /
_cEugeniusz Mitkowski.
260 _aPoznań,
_c1980.
040 _cBPK
041 _apol
942 _cKS
008 s pl f |000 0 pol
999 _c20604
_d20604
856 _uhttp://koha.tu.koszalin.pl/cgi-bin/koha/opac-detail.pl?biblionumber=20604
_yKatalog online BPK